000 00413 a2200133 4500
001 ART_6767
005 20260410161621.0
008 260409a
245 1 0 _aProvisiones, activos contingentes y pasivos contingentes, según la NIC 37
100 1 _aSlosse, Carlos Alberto
700 1 _aGamondés, Santiago F.
700 1 _aNigro, Jorge O.
773 0 _tEnfoques
_g- Nº 5 (may. 2010)
_wREV416
999 _c11538
_d11538